|
|
|
|
| LEADER |
00000cam a2200000 a 4500 |
| 001 |
vtls001412677 |
| 003 |
SK-MaSNL |
| 005 |
20260302035114.0 |
| 008 |
251113s2000 xo a fr o000 0 slo |
| 015 |
|
|
|a SNBI2002/01-00310
|
| 035 |
|
|
|a SNK000367395
|
| 035 |
|
|
|a urn:nbn:sk:snk-amtkrv
|
| 035 |
|
|
|a urn:nbn:sk:snk-am00c7bz
|
| 035 |
|
|
|a E2B708C8-009F-42C1-866E-95E6871B16CB
|
| 040 |
|
|
|a SNK
|b slo
|c SNK
|e AACR2
|
| 041 |
0 |
|
|a slo
|
| 044 |
|
|
|a xo
|c SK
|
| 080 |
|
|
|a 504(083.133)
|2 1981
|
| 110 |
1 |
|
|a Slovensko.
|b Ministerstvo životného prostredia.
|b Odbor územného plánovania, environmentálnej regionalizácie, monitoringu a informatiky
|4 aut
|9 14406
|
| 245 |
1 |
0 |
|a Dobrovoľné nástroje enviromentálnej politiky
|b I. Národný program enviromentálneho hodnotenia a označovania výrobkov v SR : II. Enviromentálne manažérstvo a audit
|
| 260 |
|
|
|a Bratislava
|b Ministerstvo životného prostredia SR
|c 2000
|
| 300 |
|
|
|a 77 s.
|b sch., tab.
|c 30 cm
|
| 490 |
1 |
|
|a Dokumenty
|x 1335-1564
|
| 500 |
|
|
|a 1000 s. Účelová publikácia Dokumenty - príloha Vestníka MŽP SR
|
| 650 |
0 |
7 |
|a prostredie životné
|x politika enviromentálna
|x pokyny
|x príručky
|2 SNK
|9 687539
|
| 655 |
|
7 |
|a pokyny
|2 SNKPH
|9 70685
|
| 710 |
1 |
|
|a Slovensko.
|b Ministerstvo životného prostredia.
|b Odbor ekonomických nástrojov a medziodvetvových vzťahov.
|b Oddelenie medziodvetvových vzťahov
|4 aut
|9 687540
|
| 710 |
2 |
|
|a Slovenská agentúra životného prostredia (Bratislava, Slovensko).
|b Centrum odpadového hospodárstva a environmentálneho manažérstva.
|b Odbor environmentálneho manažérstva Trnava
|4 aut
|9 188213
|
| 810 |
1 |
|
|a Slovensko.
|b Ministerstvo životného prostredia
|t Dokumenty
|9 300029
|
| 958 |
|
|
|a TL
|
| 958 |
|
|
|a OND
|
| 999 |
|
|
|c 1069254
|d 1071184
|
| 952 |
|
|
|t P60, <03>, [BOOK], {603}
|a SNK
|b SNK
|y PREZ
|7 0
|p 17A0300904
|o snkSB 63395
|i snkKSP 6143/2001
|0 0
|1 0
|4 0
|d 2001-05-16
|f 1
|l 0
|r 2025-04-15 00:00:00
|w 2026-02-24
|
| 952 |
|
|
|t P60, <04>, [BOOK], {604}
|a SNK
|b SNK
|y VYP
|7 0
|p 17A0300903
|o snkSB 63395 D1
|i snkKSP 6144/2001
|0 0
|1 0
|4 0
|d 2001-05-16
|l 0
|r 2005-01-02 00:00:00
|w 2026-02-24
|